000 00249nam a2200097Ia 4500
001 697922
005 20250826162041.0
008 250824s9999 xx 000 0 und d
245 0 _aEĞİL DAĞLAR
_cYAHYA KEMAL BEYATLI
260 _bYAPI KREDİ YAYINLARI
999 _c697922
_d697922